UEBA Experiences with DT Methods and PBL in Teaching Process

Gespeichert in:
Bibliographische Detailangaben
1. Verfasser: Orgonáš, Jozef, 1957-
Format: Buchkapitel
Sprache:Englisch
Tags: Tag hinzufügen
Keine Tags, Fügen Sie das erste Tag hinzu!

MARC

LEADER 00000naa$a2200000$$$4500
001 0249927
005 20240502083712.5
041 0 |a eng 
044 |a GB 
245 1 0 |a UEBA Experiences with DT Methods and PBL in Teaching Process  |c Jozef Orgonáš 
500 |a Prezentácia 
100 1 |a Orgonáš, Jozef, 1957-